Lectura crítica del entorno cubano /
Uloženo v:
| Hlavní autor: | |
|---|---|
| Médium: | Neznámo |
| Jazyk: | Spanish |
| Vydáno: |
La Habana, Cuba :
Letras Cubanas,
c1990.
|
| Témata: | |
| Tagy: |
Přidat tag
Žádné tagy, Buďte první, kdo vytvoří štítek k tomuto záznamu!
|
MARC
| LEADER | 000000000a22000000004500 | ||
|---|---|---|---|
| 001 | 001826 | ||
| 041 | 0 | |a spa | |
| 082 | 0 | 4 | |a 720.972.91 |b S455L |
| 100 | 1 | |a Segre, Roberto | |
| 245 | 1 | 0 | |a Lectura crítica del entorno cubano / |c Roberto Segre. |
| 260 | 1 | |a La Habana, Cuba : |b Letras Cubanas, |c c1990. | |
| 300 | |a 462 páginas : |b ilustraciones | ||
| 650 | 4 | |a CUBA | |
| 650 | 4 | |a ARQUITECTURA | |
| 650 | 4 | |a ARQUITECTURA Y SOCIEDAD | |
| 999 | |c 8486 |d 8486 | ||
| 942 | |c BK |h 720.972.91 S455L |2 z | ||
